|
|
|
|
| LEADER |
00000nab a2200000 a 4500 |
| 001 |
vtls000859759 |
| 003 |
SK-MaSNL |
| 005 |
20260304132745.0 |
| 008 |
250429c2003 xo 0 slo |
| 015 |
|
|
|a SNBRB2004/01-03001
|
| 035 |
|
|
|a CLN000211378
|
| 035 |
|
|
|a (urnnbn)urn:nbn:sk:snk:ar-a07q1o
|
| 035 |
|
|
|a (uuid)7e5f07d9-80e6-47ad-8ca7-9faa8ee51509
|
| 035 |
|
|
|a urn:nbn:sk:snk-ab8axl
|
| 040 |
|
|
|a SNKBUCL
|b slo
|c SNKBUCL
|e AACR2
|
| 041 |
0 |
|
|a eng
|
| 044 |
|
|
|a xo
|c SK
|
| 080 |
|
|
|a 616.13-073
|2 1997
|
| 245 |
0 |
0 |
|a Central versus intraparenchymal arteries of kidney: comparison of Doppler parameters under the physiological conditions in newborns
|c Miroslav Stavěl ... [et al.]
|
| 300 |
|
|
|b Grafy, tab.
|
| 504 |
|
|
|a Res. angl.
|
| 504 |
|
|
|a Bibliogr. odkazy
|
| 650 |
0 |
7 |
|a arteria renalis
|x fyziológia
|2 MESH
|9 1448591
|
| 650 |
0 |
7 |
|a Dopplerov efekt
|2 MESH
|9 1316500
|
| 650 |
0 |
7 |
|a novorodenec
|2 MESH
|9 674394
|
| 650 |
0 |
7 |
|a asfyxia novorodencov
|x diagnostika
|x etiológia
|x genetika
|2 MESH
|9 1448592
|
| 655 |
|
7 |
|a články z novín a časopisov
|2 snkbucl
|9 267496
|
| 700 |
1 |
|
|a Stavěl, Miroslav
|4 aut
|9 1448593
|
| 700 |
1 |
|
|a Kollarovszka, Hana
|4 aut
|9 1448594
|
| 700 |
1 |
|
|a Strechová, Zuzana
|4 aut
|9 26731
|
| 700 |
1 |
|
|a Zibolen, Mirko,
|d 1961-
|4 aut
|9 188362
|
| 700 |
1 |
|
|a Poláček, Hubert,
|d 1952-
|4 aut
|9 200678
|
| 773 |
0 |
|
|t Acta medica Martiniana
|g Roč. 3, č. 1 (2003), s. 32-35
|x 1335-8421
|
| 850 |
|
|
|a Slovenská národná knižnica
|
| 852 |
|
|
|a Slovenská národná knižnica
|
| 958 |
|
|
|a article9
|
| 958 |
|
|
|a MI
|
| 958 |
|
|
|a NB
|
| 958 |
|
|
|a OND
|
| 958 |
|
|
|a EUIPO
|
| 992 |
|
|
|a RBX
|
| 999 |
|
|
|c 2899554
|d 2901484
|